00341nam a2200145Ia 4500003000500000008004100005020001800046040001900064082000700083100002000090245003500110260003100145300000700176546001200183STCL181203s9999 xx 000 0 und d a9780140345889 aSTCLbENcSTCL 222 aRosselson, Leon 0aRosa's Grandfather Sings Again bPuffin BooksaLondonc1992 a95 aEnglish